000 00716cam a22002533a 4500
001 6307
003 PGUSA
005 20140828083130.0
008 040801s2004||||xxu|||||s|||||000 1 eng d
040 _aPGUSA
_beng
042 _adc
050 4 _aPZ
100 1 _aHope, Laura Lee
245 1 4 _aThe Story of a Bold Tin Soldier
_h[electronic resource] /
_cLaura Lee Hope
260 _bProject Gutenberg,
_c2004
506 _aPublic domain in the USA.
516 _aElectronic text
653 _aMilitary miniatures -- Juvenile fiction
653 _aToys -- Juvenile fiction
700 1 _aSmith, Harry L.
830 0 _aProject Gutenberg
_v6307
856 4 0 _uhttp://www.gutenberg.org/ebooks/6307
942 _cEB
999 _c235630
_d235630